000 00615nam a2200181Ia 4500
005 20250923145837.0
008 008 250917s9999 xx 000 0 eng d
037 _aTextual
040 _aDSWL
_beng
_cDSWL
041 _aeng
_2eng
084 _aY72:7:7'N91't4, N91
_qDSWL
100 _aSudershan, P.
_9839499
245 2 _aA study of participation of the tribals in development programme : An exploratory study in microwaves
_c by P.Sudershan
260 _aDelhi
_bDepartment of Social Work
_c1991
300 _axvi,18p.5
942 _cTEXL
_hY72:7:7'N91't4, N91
999 _c1456388
_d1456388